Countries Hayden Christensen has Visited - Statistics

General Stats
  • This quiz has been taken 24 times
  • The average score is 9 of 12
Answer Stats
Continent Country % Correct
Europe France
95%
North America Canada
91%
Europe United Kingdom
91%
North America United States of America
91%
Oceania Australia
86%
Europe Italy
86%
Europe Germany
77%
Asia Japan
77%
Europe Spain
77%
Africa Tunisia
55%
Asia United Arab Emirates
41%
North America Barbados
32%
No matching quizzes found
Score Distribution
Percent of People with Each Score
Percentile by Number Answered
Your Score History
You have not taken this quiz